Účelová mapa areálu STU v Bratislave

Saved in:
Bibliographic Details
Main Author: Marton, Tomáš (Author)
Other Authors: Kyrinovič, Peter (Thesis advisor)
Format: Manuscript Book
Language:Slovak
Published: 2025
Subjects:
Online Access:http://is.stuba.sk/zp/portal_zp.pl?podrobnosti=175861
CRZP
Tags: Add Tag
No Tags, Be the first to tag this record!

MARC

LEADER 00000ntm a22000003a 4500
001 stuzp104008
003 SK-STU
005 20250729140659.3
007 ta
008 150427s2015----xo-----f-mn---000-0-slo-d
040 |a STU  |b slo 
041 0 |a slo 
100 1 |a Marton, Tomáš  |u 010140  |4 aut  |U SvF Stavebná fakulta  |T SvF Katedra geodézie  |X 121279  |U V140  |Y 14  |7 121279 
242 0 1 |a Purpose map of the STU campus in Bratislava  |y eng 
245 1 0 |a Účelová mapa areálu STU v Bratislave 
260 |c 2025 
650 4 |a výškopis  |2 slo 
650 4 |a polohopis  |2 slo 
650 4 |a tachymetria  |2 slo 
650 4 |a areál STU  |2 slo 
650 4 |a inžinierske siete  |2 slo 
650 4 |a účelová mapa  |2 slo 
650 4 |a purpose map  |2 eng 
650 4 |a altimetry  |2 eng 
650 4 |a planimetry  |2 eng 
650 4 |a tachymetri  |2 eng 
650 4 |a STU campus  |2 eng 
650 4 |a engineering networks  |2 eng 
700 1 |a Kyrinovič, Peter  |u 010140  |k Z1  |4 ths  |U SvF Stavebná fakulta  |T SvF Katedra geodézie  |X 2924  |U V140  |Y 14  |7 A000002924 
856 4 |u http://is.stuba.sk/zp/portal_zp.pl?podrobnosti=175861 
856 4 |u https://opac.crzp.sk/?fn=detailBiblioForm&sid=EE8AF2E76B4BE2A86EA3C993824A  |z CRZP